000 00750nam a2200241 i 4500
001 C2-0248082
003 PPAK
005 20180727212452.0
008 030408s1997 enka|||| ||||| | eng d
020 _a1860198023
040 _aPPAK
_beng
_cPPAK
_erda
082 0 4 _a567.91
_223
090 0 0 _a567.91
_bLAM
_dR
100 1 _aLambert, David,
_eauthor
245 1 0 _aDinosaur encyclopedia
_bThe definitive, fully illustrated encyclopedia of dinosaurs and other prehistoric reptiles
264 1 _aLondon :
_bBrockhampton Press ,
_c1997
300 _a320 pages :
_billustrations ;
_c23 cm
336 _2rdacontent
_atext
337 _2rdamedia
_aunmediated
338 _2rdacarrier
_avolume
650 1 0 _aDinosaurs - Identification
942 _ddc
_cB
999 _c61826
_d61826